000 01499nam a2200325 a 4500
001 000002067
003 DO-SdBNP
005 20240430111442.0
007 ta
008 090630s2007 dr 000 0 spa d
010 _a2009403467
020 _a9789993480464
040 _aDO-SdBNP
_bspa
_cBNPHU
082 4 _a361.61
_bC116p
_222
100 1 _aCañete Alonso, Rosa.
_9185
245 1 0 _aPolítica Social en República Dominicana 1930-2007 :
_b¿inclusión o asistencia? /
_cRosa Cañete Alonso, Olaya O. Dotel ; prólogo José Luís Alemán.
260 _aSanto Domingo :
_bCentro de Estudios Sociales Padre Juan Montalvo, S.J.,
_c2007.
300 _a123 p. ;
_c2007.
500 _a"Olaya Dotel y Rosa Cañete han compuesto para el Banco Internacional de Desarrollo (BID) una muy notable consultoría para el Análisis de Políticas Institucionales de Implementación de los Programas Focalizados de Protección Social, que ahora pone a circular el Centro de Estudios Sociales del Padre Juan Montalvo."-- Prólogo.
500 _aIncluye índice.
504 _aBibliográfía 87-90.
590 _aInventariado, 2021 / DG
650 4 _aServicio social
_zRepública Dominicana
_xHistoria
_96655
651 4 _aRepública Dominicana
_xPolítica social
_y1930-2007
_96656
700 1 _aDotel, Olaya O.
_96657
700 1 _aAlemán, José Luis,
_97046
710 1 _aRepública Dominicana.
_bBanco Internacional de Desarrollo
_96659
910 _aValidao. Control de calidad MFF
942 _2ddc
_cLBS1
999 _c1931
_d1931